| 000 | 00651nam a22001937a 4500 | ||
|---|---|---|---|
| 999 |
_c171214 _d171214 |
||
| 005 | 20200108170753.0 | ||
| 010 | _aENG-127298 | ||
| 020 |
_c895.00 _a9789353281953 |
||
| 035 | _aEN-110830 | ||
| 037 | _bDBAD/PUB. | ||
| 082 | _a634.920954 | ||
| 100 | _akhan,Irshad A | ||
| 245 |
_aForest Governance and Sustainable Resource Management: _cby Irshad A khan. _b / |
||
| 260 |
_aNew Delhi _bSage Publications India . _c2019 |
||
| 270 |
_aB1/I-1, Mohan Cooperative Industrial Area Mathura Road Post Bag 7 _bNew Delhi _e110044 |
||
| 300 |
_axxiv,220p. _c22cm.(hb) |
||
| 500 | _aIt includes index | ||
| 942 |
_2ddc _cEN _mKHA _h320.6072054 |
||